000 00731nam a2200241 a 4500
003 MX-MxUPN
005 20250410124412.0
008 151029s1992 mx r 000 0 spa d
020 _a9681205383
035 _aUPN01000206467
040 _aMX-MxUPN
_bspa
_cMX-MxUPN
041 0 _aspa
050 4 _aF1210
_bC8.5
245 0 0 _aCultura, ideas y mentalidades
250 _aPrimera edición.
260 _aMéxico, D.F. :
_bEl Colegio de México,
_c1992.
300 _a262 páginas
490 0 _aLecturas de historia mexicana ;
_v6
651 4 _aMéxico
_xCivilización
_95406
651 4 _aMéxico
_xHistoria
_yRevolución, 1910-1917
_9223
700 1 _aAlberro, Solange
_956360
_eintroducción
_eselección
942 _2lcc
_cLIBRO
999 _c178568
_d178568